[Event "Wch U20 Girls 28th"]
[Site "Chotowa"]
[Date "2010.08.15"]
[Round "12"]
[White "Khanamiryan, Ani"]
[Black "Lach, Aleksandra"]
[Result "0-1"]
[WhiteElo "2014"]
[BlackElo "2179"]
[PlyCount "148"]
[EventDate "2010.08.03"]
[EventType "swiss"]
[EventRounds "13"]
[EventCountry "POL"]
[SourceTitle "CBM 137 Extra"]
[Source "ChessBase"]
[SourceDate "2010.09.01"]
[SourceVersion "1"]
[SourceVersionDate "2010.09.01"]
[SourceQuality "1"]

1. f4 d5 2. Nf3 g6 3. e3 Bg7 4. Be2 Nf6 5. 0-0 0-0 6. d3 c5 7. Nbd2 Qb6 8. Nb3 Nc6 9. h3 a5 10. a4 Nh5 11. Kh2 f5 12. d4 c4 13. Nbd2 Nf6 14. Ne5 Nxe5 15. fxe5 Nd7 16. Kh1 Qc7 17. b3 Nb6 18. Ba3 c3 19. Nb1 Be6 20. Qd3 Rac8 21. Qb5 Na8 22. Bf3 Rcd8 23. Qd3 Rc8 24. Qb5 Rcd8 25. Rd1 f4 26. Rd3 fxe3 27. Rxc3 Qd7 28. Qxd7 Rxd7 29. Rxe3 Bh6 30. Rc3 Nc7 31. Bc5 Na6 32. Bb6 Bc1 33. Bxa5 Bb2 34. Ra2 Bxc3 35. Nxc3 Rc8 36. Nb5 Bf5 37. c3 Be6 38. Bb6 Rc6 39. Kg1 Rc8 40. a5 Bf5 41. Rd2 h5 42. Kf2 Kg7 43. Ke3 Kh6 44. Rf2 Be6 45. Be2 Kg7 46. Kd2 Bf5 47. Na7 Ra8 48. Nb5 Rf8 49. g4 hxg4 50. hxg4 Be6 51. Rxf8 Kxf8 52. Ke3 g5 53. Kf3 Bg8 54. Kg3 Kg7 55. Bd3 Kf8 56. Bf5 e6 57. Bd3 Bh7 58. Be2 Bc2 59. b4 Ba4 60. Nd6 Nb8 61. b5 Rh7 62. c4 dxc4 63. Bxc4 Nd7 64. Bd8 Rh1 65. Bxe6 Nb8 66. Bc7 Na6 67. bxa6 bxa6 68. Nf5 Rc1 69. Bd6+ Ke8 70. Bd5 Rg1+ 71. Kf2 Rxg4 72. Ng7+ Kd8 73. Ke3 Rg3+ 74. Ke4 Bc2# 0-1

[Event "Wch U20 Girls 28th"]
[Site "Chotowa"]
[Date "2010.08.14"]
[Round "11"]
[White "Gosciniak, Maria"]
[Black "Khanamiryan, Ani"]
[Result "1/2-1/2"]
[WhiteElo "2149"]
[BlackElo "2014"]
[PlyCount "113"]
[EventDate "2010.08.03"]
[EventType "swiss"]
[EventRounds "13"]
[EventCountry "POL"]
[SourceTitle "CBM 137 Extra"]
[Source "ChessBase"]
[SourceDate "2010.09.01"]
[SourceVersion "1"]
[SourceVersionDate "2010.09.01"]
[SourceQuality "1"]

1. e4 Nf6 2. e5 Nd5 3. d4 d6 4. Nf3 Bg4 5. Be2 e6 6. 0-0 Be7 7. c4 Nb6 8. exd6 cxd6 9. Nc3 0-0 10. d5 e5 11. Ne1 Bxe2 12. Qxe2 N8d7 13. Be3 Rc8 14. b3 f5 15. f4 Bf6 16. Rc1 Qe7 17. Qd2 g6 18. Nf3 e4 19. Nd4 Nc5 20. Nce2 Rfe8 21. Rc2 Nbd7 22. b4 Nd3 23. Nb5 a6 24. Nbd4 Nf8 25. Nb3 Qf7 26. Nbc1 b5 27. Nxd3 exd3 28. Qxd3 Rxc4 29. Rxc4 bxc4 30. Qd2 Qe7 31. Kf2 Qe4 32. a3 Nd7 33. Rc1 Bh4+ 34. g3 Nf6 35. h3 Nxd5 36. Bd4 Qd3 37. Qxd3 cxd3 38. Ng1 Re4 39. Ba7 Re7 40. gxh4 Rxa7 41. Rd1 Nxf4 42. Kf3 Ne2 43. Nxe2 dxe2 44. Kxe2 Re7+ 45. Kf2 Re6 46. Rd5 Kf7 47. Ra5 d5 48. Rxd5 Kf6 49. Ra5 g5 50. hxg5+ Kxg5 51. Kf3 Rc6 52. h4+ Kxh4 53. Kf4 Rg6 54. Rxf5 Rg4+ 55. Ke5 Rg3 56. a4 h5 57. b5 1/2-1/2

[Event "Wch U20 Girls 28th"]
[Site "Chotowa"]
[Date "2010.08.11"]
[Round "8"]
[White "Lis, Marcelina"]
[Black "Khanamiryan, Ani"]
[Result "0-1"]
[WhiteElo "1905"]
[BlackElo "2014"]
[PlyCount "108"]
[EventDate "2010.08.03"]
[EventType "swiss"]
[EventRounds "13"]
[EventCountry "POL"]
[SourceTitle "CBM 137 Extra"]
[Source "ChessBase"]
[SourceDate "2010.09.01"]
[SourceVersion "1"]
[SourceVersionDate "2010.09.01"]
[SourceQuality "1"]

1. e4 Nf6 2. e5 Nd5 3. c4 Nb6 4. Nc3 d6 5. Nf3 Nc6 6. exd6 exd6 7. d4 Bg4 8. Be3 Be7 9. a3 0-0 10. b4 Re8 11. Be2 Bf6 12. Qd3 Bxf3 13. gxf3 d5 14. cxd5 Nxd5 15. Ne4 a6 16. Rg1 Nxe3 17. fxe3 Bh4+ 18. Kd2 Kh8 19. f4 f5 20. Ng3 g6 21. d5 Qf6 22. Bf3 Qb2+ 23. Qc2 Qxc2+ 24. Kxc2 Rxe3 25. dxc6 Rxf3 26. cxb7 Rb8 27. Rad1 Rxb7 28. Rd3 Rxf4 29. Rg2 Bf6 30. Re2 Rc4+ 31. Kb3 Rd4 32. Rxd4 Bxd4 33. Kc4 Bf6 34. Re6 Rb6 35. Kd5 Kg7 36. Rc6 Rxc6 37. Kxc6 Be5 38. Nf1 Kf6 39. Kb7 Bb2 40. a4 Bc3 41. Kxa6 Bxb4 42. Kb5 Be1 43. a5 f4 44. a6 Bf2 45. Kc4 Kf5 46. Kd3 g5 47. Nd2 g4 48. Nf1 h5 49. Ke2 Bb6 50. Nd2 h4 51. Nc4 Bc5 52. Na5 h3 53. Kf1 g3 54. hxg3 fxg3 0-1

[Event "Wch U20 Girls 28th"]
[Site "Chotowa"]
[Date "2010.08.05"]
[Round "3"]
[White "Butuc, Maria"]
[Black "Khanamiryan, Ani"]
[Result "0-1"]
[WhiteElo "2220"]
[BlackElo "2014"]
[PlyCount "28"]
[EventDate "2010.08.03"]
[EventType "swiss"]
[EventRounds "13"]
[EventCountry "POL"]
[SourceTitle "CBM 137 Extra"]
[Source "ChessBase"]
[SourceDate "2010.09.01"]
[SourceVersion "1"]
[SourceVersionDate "2010.09.01"]
[SourceQuality "1"]

1. Nf3 f5 2. c4 Nf6 3. d4 e6 4. e3 b6 5. Bd3 Bb7 6. 0-0 g6 7. Nc3 Bg7 8. b4 0-0 9. Bb2 Qe7 10. b5 d6 11. a4 a5 12. Qe2 Nbd7 13. e4 Rfe8 14. Rfe1 Qf8 0-1

[Event "Wch U20 Girls 28th"]
[Site "Chotowa"]
[Date "2010.08.03"]
[Round "1"]
[White "Olsarova, Tereza"]
[Black "Khanamiryan, Ani"]
[Result "1-0"]
[WhiteElo "2252"]
[BlackElo "2014"]
[PlyCount "37"]
[EventDate "2010.08.03"]
[EventType "swiss"]
[EventRounds "13"]
[EventCountry "POL"]
[SourceTitle "CBM 137 Extra"]
[Source "ChessBase"]
[SourceDate "2010.09.01"]
[SourceVersion "1"]
[SourceVersionDate "2010.09.01"]
[SourceQuality "1"]

1. e4 d5 2. exd5 Qxd5 3. Nc3 Qa5 4. d4 Nf6 5. Bd2 c6 6. Bc4 Bf5 7. Nf3 e6 8. d5 Qc5 9. dxc6 Nxc6 10. Qe2 Bg4 11. Nb5 Qb6 12. Bf4 Rc8 13. 0-0-0 a6 14. Nd6+ Bxd6 15. Bxd6 Na5 16. Bd3 Nd5 17. Qe5 Nf6 18. Ba3 Nc4 19. Bxc4 1-0

[Event "EU-ch U16 Girls 17th"]
[Site "Sibenik"]
[Date "2007.09.23"]
[Round "9"]
[White "Savola, Laura"]
[Black "Khanamiryan, Ani"]
[Result "1/2-1/2"]
[WhiteElo "2002"]
[BlackElo "1877"]
[PlyCount "78"]
[EventDate "2007.09.14"]
[EventType "swiss"]
[EventRounds "9"]
[EventCountry "CRO"]
[SourceTitle "CBM 120 Extra"]
[Source "ChessBase"]
[SourceDate "2007.11.01"]
[SourceVersion "1"]
[SourceVersionDate "2007.11.01"]
[SourceQuality "1"]

1. d4 Nf6 2. Nf3 e6 3. c4 Bb4+ 4. Bd2 Qe7 5. e3 b6 6. Nc3 Bb7 7. Bd3 0-0 8. 0-0 d6 9. a3 Bxc3 10. Bxc3 Nbd7 11. Rc1 Ne4 12. Nd2 Nxc3 13. Rxc3 c5 14. Bb1 g6 15. dxc5 dxc5 16. e4 Rad8 17. f4 Nf6 18. Qe2 Rd4 19. Nf3 Rdd8 20. Ng5 Nh5 21. Qf2 e5 22. Nh3 exf4 23. Nxf4 Nxf4 24. Qxf4 Rd4 25. Re3 Re8 26. Ref3 f5 27. Qg3 Bxe4 28. Bxe4 fxe4 29. Rf6 Qg7 30. Qe3 Rd1 31. Rxd1 Qxf6 32. b4 cxb4 33. axb4 Qb2 34. b5 Qe5 35. h3 Re7 36. Rd8+ Kg7 37. Rd1 Kg8 38. Rd8+ Kg7 39. Rd1 Kg8 1/2-1/2

[Event "EU-ch U16 Girls 17th"]
[Site "Sibenik"]
[Date "2007.09.18"]
[Round "5"]
[White "Grigorian, Marine"]
[Black "Khanamiryan, Ani"]
[Result "1-0"]
[WhiteElo "2087"]
[BlackElo "1877"]
[PlyCount "45"]
[EventDate "2007.09.14"]
[EventType "swiss"]
[EventRounds "9"]
[EventCountry "CRO"]
[SourceTitle "CBM 120 Extra"]
[Source "ChessBase"]
[SourceDate "2007.11.01"]
[SourceVersion "1"]
[SourceVersionDate "2007.11.01"]
[SourceQuality "1"]

1. e4 Nf6 2. e5 Nd5 3. d4 d6 4. c4 Nb6 5. exd6 exd6 6. Nc3 Nc6 7. h3 Bf5 8. Be3 Be7 9. Nf3 0-0 10. Be2 Bf6 11. 0-0 Re8 12. Rc1 d5 13. c5 Nc8 14. Qb3 N8e7 15. g4 Be6 16. g5 Bxh3 17. Rfe1 Qd7 18. Kh1 Nf5 19. gxf6 Nxe3 20. fxe3 Rxe3 21. Qxd5 Qe8 22. Qg5 g6 23. Qh6 1-0